02907 2200385 4500001002100000005001500021035002000036007000300056008004100059020001800100082001000118084001600128100003700144245024500181250001800426300002500444650001900469700003700488700002700525700002900552520159700581740009702178264004402275336002102319337003002340338002302370990001602393990001602409990001602425990001602441990001602457990001602473990001602489990001602505INLIS00000000000017520260427033004 a0010-0426000174ta260427 c 0 ind  a9786230061561 a155.4 a155.4 MOO r1 aMoore, Eileen KennedyePengarang1 aKid confidence : rasa percaya diri anak :bBantu anak anda berteman, membangun kemampuan beradaptasi, dan mengembangkan harga diri sejati /cEileen Kennedy-Moore,ph.D. ; Penerjemah, Yuniasari Sinta Dewi ; Editor, Rikke M.S. dan Rina K.agata acetakan kedua a272 halaman ;c21 cm 4aPsikologi Anak0 aYuniasari Sinta DewiePenerjemah0 aRikke M.S.ePenyunting0 aRina K. AgataePengarang aPendekatan inovatif untuk membantu anak-anak membangun kepercayaan diri yang sejati dan bertahan lama. “Aku tidak bisa melakukannya.” “Aku tidak cukup baik.” “Tidak ada yang menyukaiku." Sebagai orangtua, sungguh menyedihkan mendengar anak-anak kita mengatakan hal-hal negatif tentang diri mereka sendiri. Secara naluri kita akan membantah kritik diri mereka, melimpahi mereka dengan pujian, dan berusaha meyakinkan betapa istimewanya mereka. Namun, dari hasil penelitian didapati bahwa pendekatan semacam ini justru bisa menjadi bumerang. Semakin sering kita mengatakan, “Kamu itu luar biasa!” kepada anak-anak yang meragukan dirinya sendiri, semakin keras mereka membantah, “Aku buruk sekali!” Rasa Percaya Diri Anak adalah panduan mendalam dan praktis untuk membantu anak-anak yang memiliki harga diri rendah. Buku ini menawarkan strategi yang terbukti efektif, tidak untuk meningkatkan perilaku “mencintai diri sendiri” pada anak-anak, tetapi membimbing mereka agar memiliki keyakinan sejati akan “ego yang tenang”—sifat mendasar yang tidak dipenuhi penilaian diri yang keras. ' Buku inovatif ini membahas secara mendalam cara mengatasi masalah umum yang dihadapi anak-anak dengan harga diri rendah, seperti mudah menyerah, merasa tersisih, bereaksi berlebihan terhadap kritik, atau merasa iri kepada kakak atau adik. Anda juga akan menemukan saran ampuh berdasarkan penelitian untuk membantu anak Anda menjalin persahabatan yang memuaskan, menerima pembelajaran, mengatasi kemunduran, dan menemukan nilai-nilai pribadi yang ada di luar dirinya. aKid Confidence : Help your child make friend, build resilience, and develop real self-esteem aJakarta :bElex Media Komputindo,c2024 2rdacontentaTeks 2rdamediaaTanpa perantara 2rdacarrieraVolume aPT000268/25 aPC000278/25 aAT000282/25 aSP000592/25 aPP000692/25 aKC000772/25 aTT001335/25 aNM001421/25